Countries with the same second and last letter in the name - Statistics

General Stats
  • This quiz has been taken 243 times
  • The average score is 15 of 26
Answer Stats
Letter Country % Correct
A Canada
76%
O Morocco
71%
I Kiribati
70%
A Panama
67%
A Zambia
66%
I Fiji
65%
O Togo
64%
U Tuvalu
64%
A Namibia
63%
O Kosovo
61%
A Latvia
61%
A Gambia
60%
E Belize
56%
A Cambodia
55%
A Malaysia
54%
A Mauritania
54%
A Tanzania
52%
A Samoa
51%
A Malta
50%
O Monaco
49%
A Saudi Arabia
49%
O Montenegro
48%
A Jamaica
47%
A Papua New Guinea
41%
A Saint Lucia
40%
U Guinea-Bissau
35%
No matching quizzes found
Score Distribution
Percent of People with Each Score
Percentile by Number Answered
Your Score History
You have not taken this quiz